MARC

LEADER 00000nam0a2200000 4500
001 252478
005 20231101232744.0
010 |a 5020244066 
035 |a (RuTPU)RU\TPU\book\274825 
090 |a 252478 
100 |a 20140304d1989 k y0rusy50 ca 
101 0 |a rus 
102 |a RU 
105 |a ab z 001zy 
200 1 |a Структурные исследования в областях раннего докембрия  |e сборник научных трудов  |f Академия наук СССР (АН СССР), Отделение геологии, геофизики, геохимии и горных наук ; под ред. А. Н. Казакова 
210 |a Ленинград  |c Наука  |d 1989 
215 |a 277 с.  |c ил. 
320 |a Библиография в конце статей 
606 1 |a Докембрий  |2 stltpush  |3 (RuTPU)RU\TPU\subj\67322  |9 83166 
610 1 |a геология 
610 1 |a ранний докембрий 
610 1 |a структурные исследования 
610 1 |a складчатые структуры 
610 1 |a Балтийский щит 
610 1 |a Украинский щит 
675 |a 551.71/.72  |v 3 
702 1 |a Казаков  |b А. Н.  |4 340 
712 0 2 |a Академия наук СССР (АН СССР)  |b Отделение геологии, геофизики, геохимии и горных наук  |2 stltpush  |3 (RuTPU)RU\TPU\col\722 
801 1 |a RU  |b 63413507  |c 20140304 
801 2 |a RU  |b 63413507  |c 20140318  |g RCR 
942 |c BK